| 000 | 04421nam a2200457 a 4500 | ||
|---|---|---|---|
| 003 | CHAP | ||
| 005 | 20251125101412.0 | ||
| 007 | ca ||||||a|c|a | ||
| 008 | 101022s2010 mx r 00010 spa d | ||
| 035 | _a111184 | ||
| 040 | _cCHAP | ||
| 090 | _aTesis | ||
| 100 | 1 |
_aCornejo Silva, Yadira _928031 |
|
| 245 | 1 | 0 |
_aAislamiento, identificación y potencial micorrízico de hongos endorrizosféricos en la orquídea Vanilla planifolia Jacks, ex Andrews _c/por Yadira Cornejo Silva; director Elizabeth Hernández Acosta |
| 264 |
_aChapingo, Méx. : _bEl autor, _c2010. |
||
| 300 |
_a1 recurso en línea (97 páginas): _bcuadros, figuras |
||
| 336 |
_2rdacontent _atexto _btxt |
||
| 337 |
_2rdamedia _acomputadora _bc |
||
| 338 |
_2rdacarrier _arecursos en linea _bcr |
||
| 502 |
_bMCADS _cSuelos _d2010 _gMAE |
||
| 520 | _aLa orquídea Vanilla planifolia reportada como originaria de México, es cultivada en sistemas agroforestales y enfrenta problemas fitosanitarios. Sus variedades silvestres están protegidas por la Norma Oficial Mexicana NOM-059-ECOL- 2001, debido a la extracción masiva para establecer plantaciones y destrucción de sus hábitats. Pocos estudios en México, se relacionan con la caracterización de hongos micorrízicos en esta orquídea, por lo que este trabajo se enfoca a la identificación de hongos endorrizosféricos con potencial micorrízico para la vainilla. Este trabajo contempló tres fases experimentales: 1) Aislamiento y purificación de hongos endorrizosféricos de V. plannifolia, 2) Prueba del potencial de formación de micorriza orquidioide de las cepas aisladas en plántulas de vainilla, y 3) Identificación molecular de las cepas formadoras de micorriza orquidiode. El material rizosférico fue recolectado en vainillales de acahual en Papantla, Veracruz, siguiendo el método por cuadrantes, y colocándolo en bolsa de plástico para su transporte en frío. Los explantes de raíz con pelotones fueron obtenidos mediante cortes transversales, desinfestados y colocados en medio de aislamiento fúngico, donde el recrecimiento hifal fue subcultivado en medio PDA® para su purificación y posterior caracterización macro y microscópica. Para seleccionar las cepas fúngicas capaces de formar simbiosis, plántulas de Vanilla procedentes de cultivo in vitro fueron colocadas en microcosmos e inoculadas con micelio fúngico, en cámara de crecimiento (24-26°C, 80% HR y fotoperiodo 12 h). Después de 10 y 30 días de su establecimiento, las raíces fueron muestreadas y fijadas en FAA para corroborar la colonización fúngica mediante clareo con KOH y tinción con azul tripano. Aquellas, cepas que formaron simbiosis fueron analizadas molecularmente (extracción de ADN y amplificación de región ITS) para su identificación taxonómica. Se lograron aislar y purificar once cepas de hongos filamentosos (4CV, 4CVb, 2, 5, 3CV, 3CVa, 2A, 2B, 3Ma, P1, 11), y sólo siete de ellas formaron simbiosis (79.5% de colonización) al observarse pelotones fúngicos en las células corticales. Las cepas 2A, 2B y 3Ma fueron identificadas tradicional y molecularmente, perteneciendo a los géneros Colletotrichum, Gloeotinia y Verticillium, respectivamente, géneros fúngicos que no habían sido previamente reportados para vainilla. De las cuatro cepas restantes con formación de simbiosis (3CV, 3CVa, P1 y 11) no se tuvieron criterios morfológicos (estructuras reproductivas o esporas) para su identificación, y presentaron dificultad en su recrecimiento a partir de hifas, necesario para su análisis molecular. | ||
| 590 |
_aALEPH _b10 _c20130110 |
||
| 590 |
_aBATCH-UPD _b10 _c20130110 |
||
| 590 |
_aBATCH-UPD _b10 _c20130410 |
||
| 590 |
_aBATCH-UPD _b10 _c20130914 |
||
| 590 |
_aBATCH-UPD _b10 _c20140324 |
||
| 590 |
_aBATCH-UPD _b10 _c20141002 |
||
| 590 |
_aCONVERSION _b10 _c20130109 |
||
| 650 | 1 | 4 |
_aHongos. _956084 |
| 650 | 1 | 4 |
_aMicorriza. _975486 |
| 650 | 1 | 4 |
_aOrquidáceas _zVeracruz. _983744 |
| 650 | 1 | 4 |
_aVanilla planifolia. _9117887 |
| 700 | 1 |
_aHernández Acosta, Elizabeth _953773 _eDirector |
|
| 856 |
_uhttp://10.13.5.2/tesis/111184.pdf _zDESCARGAR PDF |
||
| 901 | _aBK | ||
| 942 |
_cTD _2Clasificación Universidad Autónoma Chapingo |
||
| 949 |
_aTesis _bBC _cTES _d33724002213678 _eTS1 _gDonaciØn _h51189 _i111184 _sb |
||
| 949 |
_aTesis _bBC _cTES _d33724002213686 _eTS2 _fc.2 _gDonaciØn _h51190 _i111184 _sb |
||
| 999 |
_c99526 _d99526 |
||